Rastro de un suemo / [por] Hermann Hesse

Na minha lista:
Detalhes bibliográficos
Autor principal: Hesse, Hermann (autor)
Formato: Livro
Edição:4a edición
Colecção:Col. "Grandes narradores" (7)
Assuntos:
Tags: Adicionar Tag
Sem tags, seja o primeiro a adicionar uma tag!

MARC

LEADER 00000nam^a2200000^u^4500
001 000538703
005 20250521000000.0
008 060220s1000^^^^^^^^^^^^r^^^^^000^0^spa^d
009 20260310131126.068
035 |a FMI 000005503 
037 |a Acervo Xavier Clavigero 
096 |a 9.1.1/27/B 
100 |a Hesse, Hermann  |e (autor) 
245 1 0 |a Rastro de un suemo / [por] Hermann Hesse 
250 |a 4a edición 
264 |a Barcelona : Planeta, 1978 
300 |a 162 p. 
336 |a texto  |b txt  |2 rdacontenido 
337 |a sin mediación  |b n  |2 rdamedio 
338 |a volumen  |b nc  |2 rdasoporte 
440 0 |a Col. "Grandes narradores" (7) 
597 |a Trad. del alemán ("Traumfährte") por Mireia Bofill. 
649 |a XX 
650 |a NOVELA. 
910 |a Fondo Francisco Migoya Covarrubias S.J. 
920 |a Impresos - Libros 
930 |a Fondos Especiales 
905 |a 134 
901 |a SBC05503  |b IT2  |c ESP  |u 20250521 
902 |a https://opac.biblio.iteso.mx/vufind/Record/000538703